Ceny na trzích kapitalistických států a devizové kursy 2/86 čtvrtletní rekapitulace

Uložené v:
Podrobná bibliografia
Médium: Kniha
Jazyk:Czech
Vydavateľské údaje: Praha Výzkumný ústav vnějších ekonomických vztahů 1986
Edícia:Ekonomická informace č. 37
Tagy: Pridať tag
Žiadne tagy, Buďte prvý, kto otaguje tento záznam!

MARC

LEADER 00000nam a2200000 4500
001 c032303
005 20260309095516.9
041 0 |a cze 
044 |a CZ 
245 1 0 |a Ceny na trzích kapitalistických států a devizové kursy 2/86  |b čtvrtletní rekapitulace 
264 1 |a Praha  |b Výzkumný ústav vnějších ekonomických vztahů  |c 1986 
300 |a 76 s. 
490 1 |a Ekonomická informace  |v č. 37 
830 0 |a Ekonomická informace  |v č. 37